[Event "Stay Safe Play From Home 281"]
[Site "Emanuel Lasker Arena"]
[Date "2020.07.06"]
[Round "2"]
[White "NeatFox"]
[Black "Klasman"]
[Result "1-0"]
[WhiteElo "1933"]
[BlackElo "1409"]
[PlyCount "47"]
[EventDate "2020.07.06"]
[EventType "swiss (blitz)"]

1. g4 {[%emt 0:00:02]} d5 {[%emt 0:00:02]} 2. Bg2 {[%emt 0:00:00]} c6 {[%emt 0:00:01]} 3. c4 {[%emt 0:00:00]} Bxg4 {[%emt 0:00:02]} 4. cxd5 {[%emt 0:00:00]} e6 {[%emt 0:00:03]} 5. Qb3 {[%emt 0:00:00]} Qc7 {[%emt 0:00:03]} 6. dxc6 {[%emt 0:00:01]} Nxc6 {[%emt 0:00:02]} 7. Nc3 {[%emt 0:00:02]} Nf6 {[%emt 0:00:02]} 8. Nf3 {[%emt 0:00:02]} O-O-O {[%emt 0:00:01]} 9. d3 {[%emt 0:00:02]} Bxf3 {[%emt 0:00:02]} 10. Bxf3 {[%emt 0:00:01]} Bd6 {[%emt 0:00:05]} 11. Bg5 {[%emt 0:00:02]} a6 {[%emt 0:00:02]} 12. Rc1 {[%emt 0:00:01]} Bxh2 {[%emt 0:00:03]} 13. Bxc6 {[%emt 0:00:04]} bxc6 {[%emt 0:00:03]} 14. Bxf6 {[%emt 0:00:04]} gxf6 {[%emt 0:00:02]} 15. Ne4 {[%emt 0:00:02]} Bf4 {[%emt 0:00:03]} 16. e3 {[%emt 0:00:01]} Be5 {[%emt 0:00:06]} 17. Nc5 {[%emt 0:00:01]} Rd5 {[%emt 0:00:04]} 18. Nxa6 {[%emt 0:00:01]} Qb7 {[%emt 0:00:02]} 19. Rxc6+ {[%emt 0:00:05]} Qxc6 {[%emt 0:00:03]} 20. Kd2 {[%emt 0:00:04]} Rc5 {[%emt 0:00:03]} 21. Nxc5 {[%emt 0:00:02]} Qxc5 {[%emt 0:00:01]} 22. Rc1 {[%emt 0:00:01]} Qxc1+ {[%emt 0:00:01]} 23. Kxc1 {[%emt 0:00:00]} Kd7 {[%emt 0:00:01]} 24. Qb5+ {[%emt 0:00:01] Time (Lag: Av=0.46s, max=0.6s)} 1-0

[Event "Stay Safe Play From Home 281"]
[Site "Emanuel Lasker Arena"]
[Date "2020.07.06"]
[Round "2"]
[White "Muralikrishna"]
[Black "Robk"]
[Result "1-0"]
[WhiteElo "1773"]
[BlackElo "1594"]
[Annotator "NA"]
[PlyCount "61"]
[EventDate "2020.07.06"]
[EventType "swiss (blitz)"]

1. e4 {[%emt 0:00:01]} c5 {[%emt 0:00:02]} 2. d4 {[%emt 0:00:00]} cxd4 {[%emt 0:00:02]} 3. c3 {[%emt 0:00:00]} Nc6 {[%emt 0:00:01]} 4. Nf3 {[%emt 0:00:01]} e6 {[%emt 0:00:00]} 5. cxd4 {[%emt 0:00:01]} d5 {[%emt 0:00:01]} 6. exd5 {[%emt 0:00:01]} Nge7 {[%emt 0:00:01]} 7. Nc3 {[%emt 0:00:00]} exd5 {[%emt 0:00:03]} 8. Bb5 {[%emt 0:00:01]} a6 {[%emt 0:00:02]} 9. Bxc6+ {[%emt 0:00:02]} Nxc6 {[%emt 0:00:02]} 10. O-O {[%emt 0:00:00]} Be6 {[%emt 0:00:01]} 11. Ng5 {[%emt 0:00:02]} Be7 {[%emt 0:00:01]} 12. Nxe6 {[%emt 0:00:01]} fxe6 {[%emt 0:00:01]} 13. Qg4 {[%emt 0:00:01]} O-O {[%emt 0:00:07]} 14. Qxe6+ {[%emt 0:00:01]} Kh8 {[%emt 0:00:01]} 15. Nxd5 {[%emt 0:00:01]} Nxd4 {[%emt 0:00:04]} 16. Qxe7 {[%emt 0:00:07]} Qxe7 {[%emt 0:00:02]} 17. Nxe7 {[%emt 0:00:02]} Rae8 {[%emt 0:00:03]} 18. Nd5 {[%emt 0:00:01]} Ne2+ {[%emt 0:00:04]} 19. Kh1 {[%emt 0:00:02]} Nxc1 {[%emt 0:00:01]} 20. Raxc1 {[%emt 0:00:02]} Re2 {[%emt 0:00:01]} 21. Rb1 {[%emt 0:00:03]} Rfxf2 {[%emt 0:00:03]} 22. Rxf2 {[%emt 0:00:01]} Rxf2 {[%emt 0:00:01]} 23. h3 {[%emt 0:00:01]} g6 {[%emt 0:00:01]} 24. Ne7 {[%emt 0:00:02]} Kg7 {[%emt 0:00:01]} 25. Nc8 {[%emt 0:00:02]} Kf6 {[%emt 0:00:02]} 26. Nd6 {[%emt 0:00:01]} Ke6 {[%emt 0:00:01]} 27. Nxb7 {[%emt 0:00:01]} Kd5 {[%emt 0:00:02]} 28. Na5 {[%emt 0:00:02]} Kc5 {[%emt 0:00:04]} 29. a4 {[%emt 0:00:02]} Kb4 {[%emt 0:00:04]} 30. Nc6+ {[%emt 0:00:02]} Kxa4 {[%emt 0:00:01]} 31. b4 {[%emt 0:00:00] Time (Lag: Av=0.78s, max=1.3s)} 1-0

[Event "Stay Safe Play From Home 281"]
[Site "Emanuel Lasker Arena"]
[Date "2020.07.06"]
[Round "2"]
[White "Justwatch"]
[Black "SoulofWolf"]
[Result "0-1"]
[WhiteElo "1706"]
[BlackElo "2118"]
[PlyCount "50"]
[EventDate "2020.07.06"]
[EventType "swiss (blitz)"]

1. e4 {[%emt 0:00:02]} e6 {[%emt 0:00:00]} 2. Nf3 {[%emt 0:00:01]} d6 {[%emt 0:00:00]} 3. Nc3 {[%emt 0:00:01]} c5 {[%emt 0:00:00]} 4. d4 {[%emt 0:00:00]} cxd4 {[%emt 0:00:01]} 5. Nxd4 {[%emt 0:00:00]} Nc6 {[%emt 0:00:00]} 6. Nf3 {[%emt 0:00:00]} a6 {[%emt 0:00:01]} 7. Bb5 {[%emt 0:00:00]} axb5 {[%emt 0:00:01]} 8. Nxb5 {[%emt 0:00:00]} Qb6 {[%emt 0:00:01]} 9. Nc3 {[%emt 0:00:00]} Bd7 {[%emt 0:00:01]} 10. O-O {[%emt 0:00:00]} Nf6 {[%emt 0:00:00]} 11. a3 {[%emt 0:00:00]} Be7 {[%emt 0:00:00]} 12. b4 {[%emt 0:00:00]} O-O {[%emt 0:00:01]} 13. b5 {[%emt 0:00:00]} Na5 {[%emt 0:00:01]} 14. a4 {[%emt 0:00:00]} Rfc8 {[%emt 0:00:01]} 15. Bd2 {[%emt 0:00:00]} Nc4 {[%emt 0:00:01]} 16. Qe1 {[%emt 0:00:01]} Rc7 {[%emt 0:00:01]} 17. Ne2 {[%emt 0:00:01]} Rac8 {[%emt 0:00:01]} 18. Bb4 {[%emt 0:00:01]} Nxe4 {[%emt 0:00:01]} 19. c3 {[%emt 0:00:02]} Bf6 {[%emt 0:00:01]} 20. Ned4 {[%emt 0:00:01]} d5 {[%emt 0:00:02]} 21. h3 {[%emt 0:00:02]} Ncd6 {[%emt 0:00:04]} 22. Nd2 {[%emt 0:00:02]} Nxc3 {[%emt 0:00:02]} 23. Bxc3 {[%emt 0:00:03]} Rxc3 {[%emt 0:00:01]} 24. N2f3 {[%emt 0:00:00]} Bxd4 {[%emt 0:00:01]} 25. Nxd4 {[%emt 0:00:00]} Qxd4 {[%emt 0:00:00] Justwatch terk eder (Lag: Av=0.47s, max=1.0s)} 0-1

[Event "Stay Safe Play From Home 281"]
[Site "Emanuel Lasker Arena"]
[Date "2020.07.06"]
[Round "2"]
[White "Bishop91"]
[Black "Grazie"]
[Result "0-1"]
[WhiteElo "1700"]
[BlackElo "1793"]
[Annotator "NA"]
[PlyCount "50"]
[EventDate "2020.07.06"]
[EventType "swiss (blitz)"]

1. e4 {[%emt 0:00:01]} e6 {[%emt 0:00:00]} 2. Nf3 {[%emt 0:00:00]} d5 {[%emt 0:00:00]} 3. exd5 {[%emt 0:00:01]} exd5 {[%emt 0:00:00]} 4. d4 {[%emt 0:00:01]} Nf6 {[%emt 0:00:00]} 5. Be2 {[%emt 0:00:01]} Bd6 {[%emt 0:00:00]} 6. O-O {[%emt 0:00:01]} O-O {[%emt 0:00:00]} 7. c3 {[%emt 0:00:01]} c6 {[%emt 0:00:00]} 8. Nbd2 {[%emt 0:00:01]} Bg4 {[%emt 0:00:00]} 9. Re1 {[%emt 0:00:00]} Bxf3 {[%emt 0:00:00]} 10. Nxf3 {[%emt 0:00:02]} Nbd7 {[%emt 0:00:00]} 11. Bg5 {[%emt 0:00:01]} Qc7 {[%emt 0:00:00]} 12. Qc2 {[%emt 0:00:01]} h6 {[%emt 0:00:00]} 13. Bh4 {[%emt 0:00:02]} Rae8 {[%emt 0:00:00]} 14. Bd3 {[%emt 0:00:03]} a5 {[%emt 0:00:03]} 15. a3 {[%emt 0:00:01]} b5 {[%emt 0:00:01]} 16. b4 {[%emt 0:00:02]} a4 {[%emt 0:00:01]} 17. Bf5 {[%emt 0:00:03]} Rxe1+ {[%emt 0:00:03]} 18. Rxe1 {[%emt 0:00:02]} g5 {[%emt 0:00:01]} 19. Nxg5 {[%emt 0:00:02]} hxg5 {[%emt 0:00:01]} 20. Bxg5 {[%emt 0:00:00]} Kg7 {[%emt 0:00:01]} 21. Bxd7 {[%emt 0:00:02]} Qxd7 {[%emt 0:00:06]} 22. Re3 {[%emt 0:00:00]} Ne4 {[%emt 0:00:04]} 23. Bh4 {[%emt 0:00:05]} Re8 {[%emt 0:00:02]} 24. Rf3 {[%emt 0:00:02]} Ng5 {[%emt 0:00:06]} 25. Bxg5 {[%emt 0:00:01]} Re1# {[%emt 0:00:02] (Lag: Av=0.33s, max=0.4s)} 0-1

[Event "Stay Safe Play From Home 281"]
[Site "Emanuel Lasker Arena"]
[Date "2020.07.06"]
[Round "3"]
[White "Kubas"]
[Black "Bishop91"]
[Result "1-0"]
[WhiteElo "2421"]
[BlackElo "1687"]
[Annotator "NA"]
[PlyCount "59"]
[EventDate "2020.07.06"]
[EventType "swiss (blitz)"]

1. g3 {[%emt 0:00:02]} e6 {[%emt 0:00:00]} 2. Bg2 {[%emt 0:00:00]} d5 {[%emt 0:00:00]} 3. c4 {[%emt 0:00:00]} c6 {[%emt 0:00:00]} 4. Nf3 {[%emt 0:00:01]} Be7 {[%emt 0:00:00]} 5. O-O {[%emt 0:00:01]} Nf6 {[%emt 0:00:00]} 6. b3 {[%emt 0:00:00]} O-O {[%emt 0:00:01]} 7. Bb2 {[%emt 0:00:00]} b6 {[%emt 0:00:01]} 8. e3 {[%emt 0:00:00]} Bb7 {[%emt 0:00:00]} 9. Qe2 {[%emt 0:00:00]} Nbd7 {[%emt 0:00:00]} 10. Nc3 {[%emt 0:00:02]} Re8 {[%emt 0:00:00]} 11. Rac1 {[%emt 0:00:01]} e5 {[%emt 0:00:01]} 12. cxd5 {[%emt 0:00:01]} cxd5 {[%emt 0:00:00]} 13. d4 {[%emt 0:00:01]} e4 {[%emt 0:00:01]} 14. Ne5 {[%emt 0:00:00]} Nxe5 {[%emt 0:00:01]} 15. dxe5 {[%emt 0:00:00]} Nd7 {[%emt 0:00:01]} 16. Rfd1 {[%emt 0:00:01]} Rc8 {[%emt 0:00:01]} 17. Bh3 {[%emt 0:00:02]} Nc5 {[%emt 0:00:03]} 18. Bxc8 {[%emt 0:00:02]} Qxc8 {[%emt 0:00:04]} 19. b4 {[%emt 0:00:01]} Nd3 {[%emt 0:00:02]} 20. Rxd3 {[%emt 0:00:00]} exd3 {[%emt 0:00:02]} 21. Qxd3 {[%emt 0:00:01]} Qe6 {[%emt 0:00:02]} 22. Nb5 {[%emt 0:00:01]} a6 {[%emt 0:00:02]} 23. Nc7 {[%emt 0:00:02]} Qd7 {[%emt 0:00:05]} 24. e6 {[%emt 0:00:01]} fxe6 {[%emt 0:00:01]} 25. Nxe8 {[%emt 0:00:01]} Qxe8 {[%emt 0:00:01]} 26. Rc7 {[%emt 0:00:00]} Qa8 {[%emt 0:00:02]} 27. Qc3 {[%emt 0:00:01]} Bf6 {[%emt 0:00:02]} 28. Rxg7+ {[%emt 0:00:01]} Kxg7 {[%emt 0:00:02]} 29. Qxf6+ {[%emt 0:00:01]} Kg8 {[%emt 0:00:00]} 30. Qg7# {[%emt 0:00:00] (Lag: Av=0.31s, max=0.4s)} 1-0

[Event "Stay Safe Play From Home 281"]
[Site "Emanuel Lasker Arena"]
[Date "2020.07.06"]
[Round "3"]
[White "Mepe_Nika"]
[Black "SoulofWolf"]
[Result "1/2-1/2"]
[WhiteElo "2389"]
[BlackElo "2121"]
[PlyCount "137"]
[EventDate "2020.07.06"]
[EventType "swiss (blitz)"]

1. d4 {[%emt 0:00:01]} Nc6 {[%emt 0:00:00]} 2. d5 {[%emt 0:00:01]} e6 {[%emt 0:00:00]} 3. dxc6 {[%emt 0:00:01]} bxc6 {[%emt 0:00:00]} 4. Nf3 {[%emt 0:00:01]} d5 {[%emt 0:00:00]} 5. g3 {[%emt 0:00:01]} Ne7 {[%emt 0:00:00]} 6. Bg2 {[%emt 0:00:00]} Ng6 {[%emt 0:00:01]} 7. O-O {[%emt 0:00:00]} Be7 {[%emt 0:00:00]} 8. Nbd2 {[%emt 0:00:01]} O-O {[%emt 0:00:00]} 9. c4 {[%emt 0:00:00]} Rb8 {[%emt 0:00:00]} 10. b3 {[%emt 0:00:01]} a5 {[%emt 0:00:01]} 11. Bb2 {[%emt 0:00:01]} Ba6 {[%emt 0:00:01]} 12. cxd5 {[%emt 0:00:01]} cxd5 {[%emt 0:00:01]} 13. Re1 {[%emt 0:00:00]} c5 {[%emt 0:00:01]} 14. Qc2 {[%emt 0:00:01]} Qd7 {[%emt 0:00:02]} 15. Rac1 {[%emt 0:00:00]} Rfc8 {[%emt 0:00:01]} 16. h4 {[%emt 0:00:01]} Nf8 {[%emt 0:00:02]} 17. Ne5 {[%emt 0:00:01]} Qc7 {[%emt 0:00:03]} 18. Qc3 {[%emt 0:00:01]} Bf6 {[%emt 0:00:01]} 19. Ndf3 {[%emt 0:00:01]} d4 {[%emt 0:00:01]} 20. Qxd4 {[%emt 0:00:03]} cxd4 {[%emt 0:00:04]} 21. Rxc7 {[%emt 0:00:00]} Rxc7 {[%emt 0:00:00]} 22. Bxd4 {[%emt 0:00:01]} Rd8 {[%emt 0:00:01]} 23. e3 {[%emt 0:00:01]} Rc2 {[%emt 0:00:01]} 24. a3 {[%emt 0:00:01]} Rb8 {[%emt 0:00:02]} 25. b4 {[%emt 0:00:02]} axb4 {[%emt 0:00:00]} 26. axb4 {[%emt 0:00:00]} Rxb4 {[%emt 0:00:01]} 27. Ra1 {[%emt 0:00:00]} Be2 {[%emt 0:00:04]} 28. Ra7 {[%emt 0:00:01]} Bxf3 {[%emt 0:00:02]} 29. Bxf3 {[%emt 0:00:01]} Bxe5 {[%emt 0:00:01]} 30. Bxe5 {[%emt 0:00:00]} Rc1+ {[%emt 0:00:01]} 31. Kg2 {[%emt 0:00:01]} f6 {[%emt 0:00:02]} 32. Bd6 {[%emt 0:00:02]} Rb6 {[%emt 0:00:05]} 33. Ba3 {[%emt 0:00:03]} Rc8 {[%emt 0:00:02]} 34. Bg4 {[%emt 0:00:02]} f5 {[%emt 0:00:01]} 35. Bf3 {[%emt 0:00:01]} Rbb8 {[%emt 0:00:00]} 36. Bd6 {[%emt 0:00:01]} Rb6 {[%emt 0:00:02]} 37. Be5 {[%emt 0:00:01]} Rb5 {[%emt 0:00:01]} 38. Rxg7+ {[%emt 0:00:02]} Kh8 {[%emt 0:00:00]} 39. Rc7+ {[%emt 0:00:01]} Rxe5 {[%emt 0:00:01]} 40. Rxc8 {[%emt 0:00:00]} Kg7 {[%emt 0:00:00]} 41. Rc7+ {[%emt 0:00:01]} Kg6 {[%emt 0:00:01]} 42. h5+ {[%emt 0:00:02]} Kf6 {[%emt 0:00:01]} 43. h6 {[%emt 0:00:01]} Rb5 {[%emt 0:00:02]} 44. Rc6 {[%emt 0:00:02]} Re5 {[%emt 0:00:01]} 45. Be2 {[%emt 0:00:01]} f4 {[%emt 0:00:01]} 46. gxf4 {[%emt 0:00:01]} Ra5 {[%emt 0:00:00]} 47. Kf3 {[%emt 0:00:01]} Kg6 {[%emt 0:00:00]} 48. Bd3+ {[%emt 0:00:01]} Kf6 {[%emt 0:00:01]} 49. Rc7 {[%emt 0:00:01]} Nd7 {[%emt 0:00:00]} 50. Rxd7 {[%emt 0:00:01]} e5 {[%emt 0:00:00]} 51. fxe5+ {[%emt 0:00:01]} Ke6 {[%emt 0:00:00]} 52. Rxh7 {[%emt 0:00:01]} Kxe5 {[%emt 0:00:00]} 53. Be4 {[%emt 0:00:01]} Kf6 {[%emt 0:00:00]} 54. Rg7 {[%emt 0:00:01]} Ra8 {[%emt 0:00:01]} 55. Rg4 {[%emt 0:00:00]} Rh8 {[%emt 0:00:01]} 56. Rf4+ {[%emt 0:00:00]} Kg5 {[%emt 0:00:01]} 57. h7 {[%emt 0:00:00]} Kh5 {[%emt 0:00:00]} 58. Kg3 {[%emt 0:00:01]} Kg5 {[%emt 0:00:01]} 59. Rg4+ {[%emt 0:00:01]} Kf6 {[%emt 0:00:00]} 60. Rg8 {[%emt 0:00:00]} Ke5 {[%emt 0:00:00]} 61. Rxh8 {[%emt 0:00:01]} Kd6 {[%emt 0:00:01]} 62. Rg8 {[%emt 0:00:00]} Kc5 {[%emt 0:00:00]} 63. h8=Q {[%emt 0:00:00]} Kc4 {[%emt 0:00:00]} 64. Rg4 {[%emt 0:00:00]} Kb3 {[%emt 0:00:01]} 65. Bh7 {[%emt 0:00:00]} Ka2 {[%emt 0:00:00]} 66. Qd4 {[%emt 0:00:00]} Ka3 {[%emt 0:00:01]} 67. Qc4 {[%emt 0:00:00]} Kb2 {[%emt 0:00:00]} 68. Rg5 {[%emt 0:00:00]} Ka1 {[%emt 0:00:00]} 69. Rb5 {[%emt 0:00:00] (Lag: Av=0.40s, max=1.1s)} 1/2-1/2

[Event "Stay Safe Play From Home 281"]
[Site "Emanuel Lasker Arena"]
[Date "2020.07.06"]
[Round "3"]
[White "Lamborghini"]
[Black "NeatFox"]
[Result "1-0"]
[WhiteElo "2223"]
[BlackElo "1935"]
[PlyCount "103"]
[EventDate "2020.07.06"]
[EventType "swiss (blitz)"]

1. e3 {[%emt 0:00:02]} c6 {[%emt 0:00:00]} 2. b3 {[%emt 0:00:01]} d5 {[%emt 0:00:00]} 3. Bb2 {[%emt 0:00:01]} Bf5 {[%emt 0:00:01]} 4. f4 {[%emt 0:00:00]} Bg6 {[%emt 0:00:01]} 5. Nf3 {[%emt 0:00:00]} e6 {[%emt 0:00:02]} 6. d3 {[%emt 0:00:00]} Bd6 {[%emt 0:00:01]} 7. Qe2 {[%emt 0:00:00]} Nd7 {[%emt 0:00:01]} 8. Nbd2 {[%emt 0:00:01]} b6 {[%emt 0:00:01]} 9. Bxg7 {[%emt 0:00:02]} Ne7 {[%emt 0:00:02]} 10. Bxh8 {[%emt 0:00:01]} f6 {[%emt 0:00:01]} 11. Nd4 {[%emt 0:00:03]} Kf7 {[%emt 0:00:01]} 12. h4 {[%emt 0:00:03]} Qxh8 {[%emt 0:00:01]} 13. h5 {[%emt 0:00:01]} Bf5 {[%emt 0:00:02]} 14. g4 {[%emt 0:00:01]} c5 {[%emt 0:00:02]} 15. Nb5 {[%emt 0:00:01]} Bxg4 {[%emt 0:00:05]} 16. Qxg4 {[%emt 0:00:01]} Nf5 {[%emt 0:00:01]} 17. Nxd6+ {[%emt 0:00:02]} Nxd6 {[%emt 0:00:02]} 18. e4 {[%emt 0:00:01]} dxe4 {[%emt 0:00:01]} 19. Nxe4 {[%emt 0:00:01]} Nxe4 {[%emt 0:00:01]} 20. dxe4 {[%emt 0:00:01]} Rc8 {[%emt 0:00:04]} 21. O-O-O {[%emt 0:00:01]} Nb8 {[%emt 0:00:01]} 22. e5 {[%emt 0:00:01]} f5 {[%emt 0:00:01]} 23. Qg5 {[%emt 0:00:01]} Qg7 {[%emt 0:00:01]} 24. Bc4 {[%emt 0:00:03]} Qxg5 {[%emt 0:00:01]} 25. fxg5 {[%emt 0:00:01]} Nc6 {[%emt 0:00:01]} 26. Rhe1 {[%emt 0:00:02]} Nd4 {[%emt 0:00:02]} 27. c3 {[%emt 0:00:01]} Nf3 {[%emt 0:00:01]} 28. Rf1 {[%emt 0:00:01]} Nh2 {[%emt 0:00:02]} 29. Rxf5+ {[%emt 0:00:01]} Ke7 {[%emt 0:00:02]} 30. Rf6 {[%emt 0:00:01]} Ng4 {[%emt 0:00:01]} 31. Rxe6+ {[%emt 0:00:01]} Kf8 {[%emt 0:00:00]} 32. Rf1+ {[%emt 0:00:01]} Kg7 {[%emt 0:00:01]} 33. h6+ {[%emt 0:00:01]} Kg8 {[%emt 0:00:02]} 34. g6 {[%emt 0:00:00]} hxg6 {[%emt 0:00:01]} 35. Re7+ {[%emt 0:00:01]} Kh8 {[%emt 0:00:01]} 36. e6 {[%emt 0:00:01]} Ne5 {[%emt 0:00:03]} 37. Rff7 {[%emt 0:00:03]} Nxf7 {[%emt 0:00:01]} 38. exf7 {[%emt 0:00:01]} Rf8 {[%emt 0:00:00]} 39. Re8 {[%emt 0:00:01]} Kh7 {[%emt 0:00:02]} 40. Rxf8 {[%emt 0:00:00]} Kxh6 {[%emt 0:00:00]} 41. Rh8+ {[%emt 0:00:01]} Kg5 {[%emt 0:00:00]} 42. f8=Q {[%emt 0:00:00]} Kg4 {[%emt 0:00:00]} 43. Qe7 {[%emt 0:00:00]} g5 {[%emt 0:00:00]} 44. Be2+ {[%emt 0:00:01]} Kg3 {[%emt 0:00:01]} 45. Qxg5+ {[%emt 0:00:02]} Kf2 {[%emt 0:00:00]} 46. Qf4+ {[%emt 0:00:01]} Kxe2 {[%emt 0:00:01]} 47. Rh2+ {[%emt 0:00:01]} Kd3 {[%emt 0:00:00]} 48. Kb2 {[%emt 0:00:02]} c4 {[%emt 0:00:01]} 49. Rh3+ {[%emt 0:00:00]} Ke2 {[%emt 0:00:01]} 50. Qh2+ {[%emt 0:00:00]} Kf1 {[%emt 0:00:01]} 51. Rg3 {[%emt 0:00:00]} cxb3 {[%emt 0:00:01]} 52. Rg1# {[%emt 0:00:00] (Lag: Av=0.50s, max=1.1s)} 1-0

[Event "Stay Safe Play From Home 281"]
[Site "Emanuel Lasker Arena"]
[Date "2020.07.06"]
[Round "3"]
[White "VotaryRoma"]
[Black "Mandy"]
[Result "1-0"]
[WhiteElo "2139"]
[BlackElo "924"]
[PlyCount "25"]
[EventDate "2020.07.06"]
[EventType "swiss (blitz)"]

1. Nf3 {[%emt 0:00:06]} Nf6 {[%emt 0:00:03]} 2. e4 {[%emt 0:00:01]} g6 {[%emt 0:00:01]} 3. Bc4 {[%emt 0:00:01]} Bg7 {[%emt 0:00:03]} 4. e5 {[%emt 0:00:01]} Ng4 {[%emt 0:00:10]} 5. d4 {[%emt 0:00:02]} e6 {[%emt 0:00:01]} 6. h3 {[%emt 0:00:01]} Nh6 {[%emt 0:00:09]} 7. Bg5 {[%emt 0:00:01]} f6 {[%emt 0:00:12]} 8. exf6 {[%emt 0:00:01]} Bxf6 {[%emt 0:00:01]} 9. Bxh6 {[%emt 0:00:00]} d5 {[%emt 0:00:07]} 10. Bd3 {[%emt 0:00:01]} Qd7 {[%emt 0:00:04]} 11. c3 {[%emt 0:00:00]} c6 {[%emt 0:00:02]} 12. Qd2 {[%emt 0:00:00]} b6 {[%emt 0:00:01]} 13. Bg5 {[%emt 0:00:00] Zeit (Lag: Av=0.50s, max=0.8s)} 1-0

[Event "Stay Safe Play From Home 281"]
[Site "Emanuel Lasker Arena"]
[Date "2020.07.06"]
[Round "3"]
[White "Haxhi Baha"]
[Black "AChessPlayer"]
[Result "0-1"]
[WhiteElo "2080"]
[BlackElo "2436"]
[PlyCount "66"]
[EventDate "2020.07.06"]
[EventType "swiss (blitz)"]

1. e4 {[%emt 0:00:01]} g6 {[%emt 0:00:02]} 2. f4 {[%emt 0:00:01]} Bg7 {[%emt 0:00:00]} 3. Nf3 {[%emt 0:00:00]} c6 {[%emt 0:00:00]} 4. d4 {[%emt 0:00:01]} d5 {[%emt 0:00:00]} 5. e5 {[%emt 0:00:00]} Nh6 {[%emt 0:00:01]} 6. h3 {[%emt 0:00:01]} Nf5 {[%emt 0:00:02]} 7. g4 {[%emt 0:00:01]} Ng3 {[%emt 0:00:02]} 8. Rg1 {[%emt 0:00:00]} Nxf1 {[%emt 0:00:00]} 9. Kxf1 {[%emt 0:00:00]} f6 {[%emt 0:00:00]} 10. Nc3 {[%emt 0:00:02]} b6 {[%emt 0:00:02]} 11. Kg2 {[%emt 0:00:02]} h5 {[%emt 0:00:03]} 12. Kg3 {[%emt 0:00:02]} hxg4 {[%emt 0:00:02]} 13. hxg4 {[%emt 0:00:00]} Na6 {[%emt 0:00:04]} 14. Rh1 {[%emt 0:00:02]} Kf7 {[%emt 0:00:02]} 15. a3 {[%emt 0:00:03]} Qd7 {[%emt 0:00:02]} 16. Rxh8 {[%emt 0:00:03]} Qxg4+ {[%emt 0:00:01]} 17. Kf2 {[%emt 0:00:01]} Bxh8 {[%emt 0:00:01]} 18. Qh1 {[%emt 0:00:02]} Bf5 {[%emt 0:00:03]} 19. Be3 {[%emt 0:00:08]} Bg7 {[%emt 0:00:01]} 20. Rg1 {[%emt 0:00:01]} Qh5 {[%emt 0:00:00]} 21. Qg2 {[%emt 0:00:05]} Nc7 {[%emt 0:00:01]} 22. Rh1 {[%emt 0:00:02]} Qg4 {[%emt 0:00:00]} 23. Nh4 {[%emt 0:00:06]} Qxg2+ {[%emt 0:00:01]} 24. Nxg2 {[%emt 0:00:00]} Bxc2 {[%emt 0:00:00]} 25. Ne2 {[%emt 0:00:03]} Be4 {[%emt 0:00:01]} 26. Rh2 {[%emt 0:00:02]} Ne6 {[%emt 0:00:00]} 27. Ne1 {[%emt 0:00:03]} c5 {[%emt 0:00:01]} 28. Nf3 {[%emt 0:00:02]} Bxf3 {[%emt 0:00:01]} 29. Kxf3 {[%emt 0:00:00]} cxd4 {[%emt 0:00:00]} 30. exf6 {[%emt 0:00:01]} Bxf6 {[%emt 0:00:02]} 31. Bd2 {[%emt 0:00:01]} Rc8 {[%emt 0:00:00]} 32. Rh7+ {[%emt 0:00:01]} Kg8 {[%emt 0:00:01]} 33. Rh1 {[%emt 0:00:02]} Kg7 {[%emt 0:00:00] Time (Lag: Av=0.89s, max=1.8s)} 0-1

[Event "Stay Safe Play From Home 281"]
[Site "Emanuel Lasker Arena"]
[Date "2020.07.06"]
[Round "3"]
[White "Grazie"]
[Black "Scorpio New"]
[Result "0-1"]
[WhiteElo "1806"]
[BlackElo "2122"]
[PlyCount "60"]
[EventDate "2020.07.06"]
[EventType "swiss (blitz)"]

1. d4 {[%emt 0:00:01]} d6 {[%emt 0:00:01]} 2. c3 {[%emt 0:00:00]} Nf6 {[%emt 0:00:01]} 3. g3 {[%emt 0:00:00]} Bh3 {[%emt 0:00:01]} 4. Bg2 {[%emt 0:00:00]} Bxg2 {[%emt 0:00:00]} 5. Nf3 {[%emt 0:00:02]} Bxh1 {[%emt 0:00:01]} 6. Bg5 {[%emt 0:00:01]} Bxf3 {[%emt 0:00:01]} 7. exf3 {[%emt 0:00:00]} Nbd7 {[%emt 0:00:01]} 8. Bxf6 {[%emt 0:00:00]} Nxf6 {[%emt 0:00:01]} 9. Nd2 {[%emt 0:00:00]} e6 {[%emt 0:00:01]} 10. Qb3 {[%emt 0:00:03]} Be7 {[%emt 0:00:01]} 11. Qxb7 {[%emt 0:00:02]} O-O {[%emt 0:00:00]} 12. Qb3 {[%emt 0:00:03]} Qb8 {[%emt 0:00:02]} 13. Qc2 {[%emt 0:00:01]} Qb6 {[%emt 0:00:01]} 14. b3 {[%emt 0:00:01]} c5 {[%emt 0:00:01]} 15. Nc4 {[%emt 0:00:01]} Qc7 {[%emt 0:00:01]} 16. dxc5 {[%emt 0:00:01]} dxc5 {[%emt 0:00:00]} 17. O-O-O {[%emt 0:00:02]} Rfd8 {[%emt 0:00:01]} 18. Re1 {[%emt 0:00:03]} h6 {[%emt 0:00:01]} 19. Ne3 {[%emt 0:00:01]} Nd5 {[%emt 0:00:02]} 20. Ng4 {[%emt 0:00:02]} h5 {[%emt 0:00:03]} 21. Ne5 {[%emt 0:00:03]} Bf6 {[%emt 0:00:02]} 22. Nd3 {[%emt 0:00:01]} c4 {[%emt 0:00:01]} 23. Nb2 {[%emt 0:00:08]} cxb3 {[%emt 0:00:01]} 24. axb3 {[%emt 0:00:01]} Qxc3 {[%emt 0:00:01]} 25. Qxc3 {[%emt 0:00:01]} Nxc3 {[%emt 0:00:00]} 26. Kc2 {[%emt 0:00:01]} Nb5 {[%emt 0:00:01]} 27. Nc4 {[%emt 0:00:01]} Rac8 {[%emt 0:00:01]} 28. Ra1 {[%emt 0:00:02]} Nd4+ {[%emt 0:00:01]} 29. Kd3 {[%emt 0:00:01]} Nxf3+ {[%emt 0:00:01]} 30. Kc2 {[%emt 0:00:02]} Bxa1 {[%emt 0:00:01] Grazie gibt auf (Lag: Av=0.28s, max=1.0s)} 0-1

[Event "Stay Safe Play From Home 281"]
[Site "Emanuel Lasker Arena"]
[Date "2020.07.06"]
[Round "3"]
[White "Klasman"]
[Black "Muralikrishna"]
[Result "0-1"]
[WhiteElo "1408"]
[BlackElo "1782"]
[Annotator "NA"]
[PlyCount "32"]
[EventDate "2020.07.06"]
[EventType "swiss (blitz)"]

1. f4 {[%emt 0:00:02]} Nc6 {[%emt 0:00:01]} 2. Nf3 {[%emt 0:00:01]} e5 {[%emt 0:00:01]} 3. fxe5 {[%emt 0:00:02]} d6 {[%emt 0:00:01]} 4. e4 {[%emt 0:00:02]} dxe5 {[%emt 0:00:01]} 5. Bc4 {[%emt 0:00:01]} Nf6 {[%emt 0:00:01]} 6. d3 {[%emt 0:00:02]} Bc5 {[%emt 0:00:01]} 7. b4 {[%emt 0:00:03]} Nxb4 {[%emt 0:00:02]} 8. Nxe5 {[%emt 0:00:06]} O-O {[%emt 0:00:02]} 9. Nxf7 {[%emt 0:00:05]} Rxf7 {[%emt 0:00:01]} 10. Bb2 {[%emt 0:00:08]} Nc6 {[%emt 0:00:11]} 11. Qf3 {[%emt 0:00:07]} Bd4 {[%emt 0:00:05]} 12. Bxd4 {[%emt 0:00:06]} Nxd4 {[%emt 0:00:02]} 13. Qf2 {[%emt 0:00:03]} Be6 {[%emt 0:00:02]} 14. Bxe6 {[%emt 0:00:11]} Nxe6 {[%emt 0:00:02]} 15. O-O {[%emt 0:00:02]} Qe7 {[%emt 0:00:04]} 16. e5 {[%emt 0:00:01]} Nd5 {[%emt 0:00:01] Time (Lag: Av=0.60s, max=0.7s)} 0-1